000 01274nam0a22002651 4500
001 rc\697846
005 20250621214516.0
035 _a(NLR Aleph) 005934005
090 _a6608520
_c6608520
100 _a20031121d1985 |||y0rusy50 ca
101 0 _arus
102 _aRU
105 _ay |||||||||
200 1 _aИспользование отходов материалов, применяемых в протезном производстве, для изготовления деталей протезно-ортопедических изделий
_f(Сост. Б.И. Соколова, Н.Н. Трофимов)
210 _aМ.
_cЦБНТИ Минсобеса РСФСР
_d1985
215 _a31 с.
_d20
225 1 _aСоциальное обеспечение
_iСерия "Протезирование и протезостроение"
_eОбзор. информ.
_fМ-во соц. обеспечения РСФСР, Центр. отрасл. БНТИ и пропаганды
_vВып. 3
320 _aБиблиогр.: с. 30-31
700 1 _aСоколова
_bБ.И.
701 1 _aТрофимов
_bН.Н.
_gНиколай Николаевич
801 0 _aRU
_bNLR
_gpsbo
801 1 _aRU
_bELAR
_2rusmarc
852 _aNLR
_jП16/1321
942 _cBOOK
980 _aNB